Automotive Science and Mathematics / (Record no. 11770)
[ view plain ]
| 000 -LEADER | |
|---|---|
| fixed length control field | 00753nam a22001817a 4500 |
| 008 - FIXED-LENGTH DATA ELEMENTS--GENERAL INFORMATION | |
| fixed length control field | 090608t xxu||||| |||| 00| 0 eng d |
| 020 ## - INTERNATIONAL STANDARD BOOK NUMBER | |
| International Standard Book Number | 9780750685221 (pbk.) |
| 020 ## - INTERNATIONAL STANDARD BOOK NUMBER | |
| International Standard Book Number | 0750685220 (pbk.) |
| 082 ## - DEWEY DECIMAL CLASSIFICATION NUMBER | |
| Edition number | 22 |
| Classification number | 629.2 |
| Item number | BON |
| 100 ## - MAIN ENTRY--PERSONAL NAME | |
| Personal name | Bonnick, Allan W. M. |
| 9 (RLIN) | 5916 |
| 245 ## - TITLE STATEMENT | |
| Title | Automotive Science and Mathematics / |
| Statement of responsibility, etc | Allan Bonnick. |
| 260 ## - PUBLICATION, DISTRIBUTION, ETC. (IMPRINT) | |
| Place of publication, distribution, etc | Amsterdam ; |
| -- | London : |
| Name of publisher, distributor, etc | Butterworth-Heinemann, |
| Date of publication, distribution, etc | c2008. |
| 300 ## - PHYSICAL DESCRIPTION | |
| Extent | xxi, 241 p. : |
| Other physical details | ill. ; |
| Dimensions | 25 cm. |
| 500 ## - GENERAL NOTE | |
| General note | Includes index. |
| 650 ## - SUBJECT ADDED ENTRY--TOPICAL TERM | |
| Topical term or geographic name as entry element | Motor vehicles |
| General subdivision | Design and construction. |
| 9 (RLIN) | 5917 |
| 942 ## - ADDED ENTRY ELEMENTS (KOHA) | |
| Source of classification or shelving scheme | Dewey Decimal Classification |
| Item type | Book - Borrowing |
| Withdrawn status | Item status | Source of classification or shelving scheme | Damaged status | Not for loan | Vendor | Home library | Current library | Shelving location | Date acquired | Source of acquisition | Cost, normal purchase price | Serial Enumeration / chronology | Total Checkouts | Total Renewals | Full call number | Barcode | Date last seen | Date last borrowed | Koha item type |
|---|---|---|---|---|---|---|---|---|---|---|---|---|---|---|---|---|---|---|---|
| Dewey Decimal Classification | Alahram | Central Library | Central Library | First floor | 08/06/2009 | 179.50 | 359 | 1 | 2 | 629.2 BON | 000016749 | 15/07/2025 | 29/03/2010 | Book - Borrowing |